|
|
|
|
| LEADER |
01657ngm a2200433 a 4500 |
| 001 |
001158764 |
| 003 |
CZ BrMZK |
| 005 |
20140402112638.0 |
| 007 |
vd|c||||| |
| 008 |
110719s2005 xxk e v|eng |
| 020 |
|
|
|a 0-19-459149-2
|q (DVD)
|
| 020 |
|
|
|a 978-0-19-459149-2
|q (DVD)
|
| 040 |
|
|
|a BOA001
|b cze
|
| 072 |
|
7 |
|a 811.111
|x Angličtina
|2 Konspekt
|9 11
|
| 072 |
|
7 |
|a 0/9-053.2
|x Literatura pro děti a mládež (naučná)
|2 Konspekt
|9 26
|
| 080 |
|
|
|a 811.111
|2 MRF
|
| 080 |
|
|
|a 371.3:004
|2 MRF
|
| 080 |
|
|
|a (07.06)81
|2 MRF
|
| 080 |
|
|
|a (084.122.053.2)
|2 MRF
|
| 080 |
|
|
|a (0.034.44)
|2 MRF
|
| 100 |
1 |
|
|a Paul, Korky,
|d 1951-
|7 pna2005261836
|4 aut
|
| 245 |
1 |
0 |
|a Winnie the witch
|h [videozáznam] :
|b video /
|c Korky Paul & Valerie Thomas ; English language teaching adaptation by Jane Cadwallader
|
| 260 |
|
|
|a Oxford :
|b Oxford University Press,
|c c2005
|
| 300 |
|
|
|a 1 DVD-video (22 min.)
|
| 490 |
1 |
|
|a Oxford English video
|
| 511 |
0 |
|
|a Vypráví Sandi Toksvig
|
| 650 |
0 |
7 |
|a angličtina
|7 ph114056
|2 czenas
|
| 650 |
0 |
7 |
|a počítačem podporovaná výuka
|7 ph138155
|2 czenas
|
| 653 |
0 |
|
|a jazyková úroveň A1
|
| 655 |
|
7 |
|a jazykové učebnice, texty, příručky (A)
|7 fd600889
|2 czenas
|
| 655 |
|
7 |
|a filmy pro děti a mládež
|7 fd118957
|2 czenas
|
| 655 |
|
7 |
|a DVD
|7 fd186912
|2 czenas
|
| 700 |
1 |
|
|a Thomas, Valérie
|7 xx0086318
|4 aut
|
| 700 |
1 |
|
|a Cadwallader, Jane
|7 xx0086319
|4 adp
|
| 830 |
|
0 |
|a Oxford English video
|
| 910 |
|
|
|a BOA001
|b AK-CDR2-0006.573
|b CDR2-1320.029
|
| 990 |
|
|
|a VI
|
| 991 |
|
|
|b 201108
|c NOV
|x 99
|e dn
|
| 996 |
7 |
|
|b 2610577730
|c CDR2-1320.029
|l Anglická knihovna/2.patro
|r ZHR
|n 24
|p kup
|h LC-DF
|w 001192054
|u 000020
|a 0
|e BOA001
|j MZK50
|s A
|